|
|
|
|
| LEADER |
00000cam a2200000 7i4500 |
| 001 |
0000002072 |
| 005 |
20220105103932.0 |
| 008 |
070710 |
| 020 |
|
|
|a 9831280881
|
| 090 |
0 |
0 |
|a JP
|b AD ENG (2038)
|
| 100 |
0 |
|
|a Surina
|
| 245 |
1 |
4 |
|a The little nurse
|c Surina
|
| 260 |
|
|
|a Kuala Lumpur :
|b Penerbitan Fargoes ,
|c 1990
|
| 440 |
|
0 |
|a Science adventure story
|
| 500 |
|
|
|a Children age 4-6 years old (yellow)
|
| 650 |
|
0 |
|a Adventure
|
| 650 |
|
0 |
|a Junior preschool
|x English
|x Languages
|
| 710 |
0 |
|
|a Title
|
| 999 |
|
|
|a 0000897588
|b Book
|c Children Collection
|e Cawangan Tmn. Ungku Tun Aminah
|
| 999 |
|
|
|a 0000897589
|b Book
|c Children Collection
|e Cawangan Bandar Penawar
|
| 999 |
|
|
|a 0000897590
|b Book
|c Children Collection
|e Cawangan Bandar Penawar
|
| 999 |
|
|
|a 0000897593
|b Book
|c Children Collection
|e Cawangan Pontian
|
| 999 |
|
|
|a 0000897594
|b Book
|c Children Collection
|e Cawangan Pontian
|
| 999 |
|
|
|a 0000967440
|b Book
|c Children Collection
|e Cawangan Bandar Tenggara
|
| 999 |
|
|
|a 0000967441
|b Book
|c Children Collection
|e Perbadanan Perpustakaan Awam Johor
|
| 999 |
|
|
|a 0000967442
|b Book
|c Children Collection
|e Perbadanan Perpustakaan Awam Johor
|
| 999 |
|
|
|a 0000967443
|b Book
|c Children Collection
|e Perbadanan Perpustakaan Awam Johor
|